000 00213nam a22000857a 4500
008 150826b xxu||||| |||| 00| 0 eng d
100 _aLANGE,OSKAR
245 _aPOLITICAL ECONOMY
260 _aNEW YORK
_bPERGAMON PRESS L.T.D
999 _c977
_d977